| 000 | 01111nam2a2200265 4500 | ||
|---|---|---|---|
| 001 | RU\NLR\bibl\462896 | ||
| 005 | 20250623184438.0 | ||
| 010 |
_a5-9524-0494-4 _99000 |
||
| 021 |
_aRU _b2003-54325 _92637 |
||
| 035 | _a(NLR Aleph) 000456316 | ||
| 090 |
_a905785 _c905785 |
||
| 100 | _a20031120d2003 |||y0rusy50 ca | ||
| 101 | 0 | _arus | |
| 102 | _aRU | ||
| 105 | _ay ||||||||| | ||
| 200 | 1 | _aСовмещение гороскопов. Весы. Скорпион. Стрелец. Козерог. Водолей. Рыбы | |
| 210 |
_d2003 _aБ. м. |
||
| 215 | _a463 с. | ||
| 320 | _aДр. работы авт.: с. 460 | ||
| 461 | 0 |
_1001RU\NLR\bibl\468428 _12001#$aКто ты? В чем твоя удача?$v[Кн. 2] _9938262 _aФирсов, В. (писатель, астролог) _cМ. _d2003 _fВиктор Фирсов _nЦентрполиграф _oАстрол. путеводитель по стране характеров _tКто ты? В чем твоя удача? _v[Кн. 2] |
|
| 801 | 0 |
_aRU _bNLR _c20031120 _gPSBO |
|
| 801 | 1 |
_aRU _bNLR _c20031120 |
|
| 942 | _cBOOK | ||
| 980 | _aNB | ||